Sdruženie katolíckej mládeže Hnutie Cyrilometodejské : SKM

Bibliographic Details
Format: Book
Language:Slovak
PhysicalDescription:8 strán 22 cm
Published: Bratislava Ústredie Sdruženia katolíckej mládeže 1943
Subjects:

MARC

LEADER 00000cam a2200000 a 4500
001 vtls008395577
003 SK-MaSNL
005 20260301145600.0
008 200228s1943 xo gr 000 0 slo
015 |a SNBA19421945-104/2453 
020 |q (brožované) 
035 |a SK01SNKBKSD220020087794 
035 |a urn:nbn:sk:snk-am3hy0v 
035 |a D319CEF1-19B9-472C-8B0B-DC3999E1E4B7 
035 |a urn:nbn:sk:snk-am00dd17 
035 |a SKM000090257 
040 |a SNK  |b slo  |c SNK  |e AACR2 
041 0 |a slo 
044 |a xo  |c SK 
080 |a 27-726.6-053.6  |2 2001 
080 |a (041)  |2 2011 
080 |a 27-784-053.6  |2 2001 
080 |a 272-184.3  |2 2001 
245 0 0 |a Sdruženie katolíckej mládeže  |b Hnutie Cyrilometodejské : SKM 
260 |a Bratislava  |b Ústredie Sdruženia katolíckej mládeže  |c 1943  |e Bratislava  |f Ľudotypia 
300 |a 8 strán  |c 22 cm 
500 |a Názov z obálky 
650 0 7 |a kresťanská mládež  |2 SNKPH  |9 86844 
650 0 7 |a kresťanské spoločenstvá mládeže  |2 SNKPH  |9 99844 
650 0 7 |a katolícka viera  |2 SNKPH  |9 4023 
655 7 |a brožúry  |2 SNKPH  |9 70146 
958 |a RK 
958 |a TL 
958 |a NT 
958 |a ONDV 
999 |c 780679  |d 782609 
952 |a SNK  |b SNK  |y PREZ  |7 0  |p 17A0772809  |o snkSC 6609  |i snk5506/55  |0 0  |1 0  |4 0  |d 2019-05-14  |f 1  |l 0  |r 2025-07-04 00:00:00  |w 2026-02-24